| 000 | 00438cam a2200145 4500500 | ||
|---|---|---|---|
| 005 | 20260111103653.0 | ||
| 041 | _afre | ||
| 042 | _adc | ||
| 100 | 1 | 0 |
_aCosme, Pierre _eauthor |
| 245 | 0 | 0 | _aFabius Cunctator face à Hannibal |
| 260 | _c2025. | ||
| 500 | _a6 | ||
| 786 | 0 | _nInflexions | 61 | 3 | 2025-11-27 | p. 101-113 | 1772-3760 | |
| 856 | 4 | 1 | _uhttps://shs.cairn.info/revue-inflexions-2025-3-page-101?lang=fr&redirect-ssocas=7080 |
| 999 |
_c1630530 _d1630530 |
||